01804nam a2200433 a 450000500170000000800410001702000180005804100080007610000220008424500610010625001470016726000450031430000170035950001210037665300310049765300310052865300210055965300220058065300500060265300600065265300300071265300290074265300860077165300170085765300660087465300220094065300280096265300660099070000280105670000330108470000340111770000230115170000340117470000330120870000330124170000310127470000310130570000340133620240424102812.0100309s2012||||sp il. f |||| 001 0 spa d a9788480869706 aspa1 aGoldman, LeeeEd. aCECIL. Tratado de Medicina Interna. bT.2 /cLee Goldman a24a ed. versión en español de la 24 ed. de la obra original en inglésbRevisión científica y técnica Carlos Barros Aguado [et. al] aBarcelona: bElsevier ; Saunders;c2012. a1344-2576 p. aGoldman, L. (Ed.) et al. (2012). CECIL. Tratado de medicina interna. T.2 (24a ed.). Barcelona : Elsevier ; Saunders. aEnfermedades metabólicas aEnfermedades nutricionales aSalud endocrinas aSalud en la mujer aEnfermedades del metabolismo óseo y mineral aEnfermedades de la alergia y la inmunología clínica aEnfermedades reumáticas aEnfermedades infecciosas aVirus de la inmunodeficiencia adquirida y Sindrome de inmunodeficiencia adquirida aNeurología aEnfermedades de los ojos, los oídos, la nariz y la garganta aConsulta médica aEnfermedades de la piel aApéndice: intervalos de referencia y valores de laboratorio1 aSchafer, Andrew I.eEd.1 aArend. William P.eEd. Asoc.1 aArmitage, James O.eEd. Asoc.1 aClemmons, David R.1 aDrazen, Jeffrey M.eEd. Asoc.1 aGriggs, Robert C.eEd. Asoc.1 aLandry, Donald W.eEd. Asoc.1 aLevinson, WendyeEd. Asoc.1 aRustgi, Anil K.eEd. Asoc.1 aScheld, W. MichaeleEd. Asoc.